Kaleesa aur Aagh (Record no. 329682)
[ view plain ]
| 000 -LEADER | |
|---|---|
| fixed length control field | 00539 a2200181 4500 |
| 003 - CONTROL NUMBER IDENTIFIER | |
| control field | Nust |
| 005 - DATE AND TIME OF LATEST TRANSACTION | |
| control field | 20170614113203.0 |
| 008 - FIXED-LENGTH DATA ELEMENTS--GENERAL INFORMATION | |
| fixed length control field | 170518b xxu||||| |||| 00| 0 eng d |
| 040 ## - CATALOGING SOURCE | |
| Transcribing agency | Nust |
| 082 ## - DEWEY DECIMAL CLASSIFICATION NUMBER | |
| Classification number | 891.4393 |
| Author Mark | HIJ |
| 100 ## - MAIN ENTRY--PERSONAL NAME | |
| Personal name | Hijazi,Nasim |
| 9 (RLIN) | 1010 |
| 245 ## - TITLE STATEMENT | |
| Title | Kaleesa aur Aagh |
| Statement of responsibility, etc. | Nasim Hijazi |
| 260 ## - PUBLICATION, DISTRIBUTION, ETC. | |
| Place of publication, distribution, etc. | Lahore |
| Name of publisher, distributor, etc. | jahangir book depot |
| Date of publication, distribution, etc. | 1978 |
| 300 ## - PHYSICAL DESCRIPTION | |
| Extent | 428p. |
| 500 ## - GENERAL NOTE | |
| General note | Novel |
| 538 ## - SYSTEM DETAILS NOTE | |
| System details note | Almirah No.67, Shelf No.4 |
| 650 ## - SUBJECT ADDED ENTRY--TOPICAL TERM | |
| Topical term or geographic name entry element | Novel Urdu |
| 9 (RLIN) | 1011 |
| 880 ## - ALTERNATE GRAPHIC REPRESENTATION | |
| Title | کلیسا اور آگ |
| c | نسیم حجازی |
| Linkage | 245-02\(3\r |
| 880 ## - ALTERNATE GRAPHIC REPRESENTATION | |
| Title | نسیم حجازی |
| Linkage | 100-01\(3\r |
| 880 ## - ALTERNATE GRAPHIC REPRESENTATION | |
| Title | لاہور: |
| b | جہانگیر بکس، |
| Linkage | 260-03\(3\r |
| 942 ## - ADDED ENTRY ELEMENTS (KOHA) | |
| Source of classification or shelving scheme | |
| Koha item type | Book |
| Withdrawn status | Lost status | Source of classification or shelving scheme | Damaged status | Not for loan | Collection code | Permanent Location | Current Location | Shelving location | Date acquired | Total Checkouts | Total Renewals | Full call number | Barcode | Date last seen | Date last checked out | Copy number | Price effective from | Koha item type |
|---|---|---|---|---|---|---|---|---|---|---|---|---|---|---|---|---|---|---|
| Central Library (CL) | Central Library (CL) | Fiction | 05/18/2017 | 7 | 5 | 891.4393 HIJ | CL2232 | 10/23/2024 | 08/13/2024 | 1 | 05/18/2017 | Book |
